| 000 | 00424nam a2200169Ia 4500 | ||
|---|---|---|---|
| 003 | GCL | ||
| 008 | 140319s9999 xx 000 0 eng d | ||
| 040 |
_aGCL / _cGCL |
||
| 082 | 0 | 4 |
_a320.9 _bB W |
| 100 | 1 | _aBAUER, LAURIE | |
| 245 | 1 | 0 |
_aWATCHING ENGLISH CHANGE / _cBAUER, LAURIE |
| 260 |
_a[S.N] : _bLONGMAN ، _c1994 |
||
| 300 | _a200 P | ||
| 650 | 0 | 4 | _aLINGUISTIC CHANGE |
| 650 | 0 | 4 | _aENGLISH LANGUAGE |
| 942 |
_2ddc _cBK |
||
| 999 |
_c24179 _d24179 |
||